| Поле | Инд. | ПП | Название | Значение |
|---|---|---|---|---|
| Тип записи | a | |||
| Библиографический уровень | m | |||
| 001 | Контрольный номер | a20c89e1cabb4c7181ab6e6507530793 | ||
| 005 | Дата корректировки | 20181124200627.1 | ||
| 100 | a | Данные общей обработки | 20181107 ||| 0rusy0189 ca | |
| 101 | 0_ | a | Язык текста | rus |
| 102 | a | Страна публикации | RU | |
| 200 | 1_ | a | Заглавие | № 1 |
| b | Общее обозначение материала | Текст | ||
| 210 | 1_ | d | Дата издания | 2016 |
| 461 | _0 | 1 | 2000 | |
| a | Закон и право | |||
| 1 | 001RU/REP/BASE/00003973 | |||
| 801 | _0 | a | Страна | RU |
| b | Организация | РГУП | ||
| c | Дата составления | 20181107 | ||
| g | Правила каталогизации | PSBO | ||
| 801 | _1 | a | Страна | RU |
| b | Организация | РГУП | ||
| c | Дата составления | 20181107 | ||
| g | Правила каталогизации | PSBO | ||
| 901 | t | Тип документа | s | |
| w | Контрольный № источника | RU/REP/BASE/00003973 | ||
| 905 | a | Дата ввода | 20181107 |